000
00322nam a22001457a 4500
008
210310b ||||| |||| 00| 0 eng d
020
_a
9780256178630
041
_a
eng
080
_2
2
_a
339.138
082
_2
2
_a
339.138
100
_a
60
101
_a
MAR
245
_a
The Marketing Game
_c
Mason,H.CH
942
_2
udc
_c
BK
999
_c
56144
_d
56144